000 00831cam a2200289 a 4500
001 4466362
003 ARRUPE
005 20150227171738.0
008 881021s1989 tnu b 001 0 eng
010 _a88028621
020 _a0687149681 (alk. paper)
035 _a(OCoLC)18522351
035 _a(OCoLC)ocm18522351
035 _a(NNC)4466362
040 _cDCL
050 0 _aBR115.H5
_bH64 1989
090 _aBR115.H5
_bH64 1989
100 1 _aHodgson, Peter Crafts,
_d1934-
_915652
245 1 0 _aGod in history :
_bshapes of freedom /
_cPeter C. Hodgson.
260 _aNashville :
_bAbingdon Press,
_cc1989.
300 _a287 p. ;
_c24 cm.
500 _aIncludes index.
504 _aBibliography: p. 252-279.
650 0 _aHistory
_xReligious aspects
_xChristianity.
_91764
942 _2lcc
_cMONOGRAPH
999 _c122233
_d122233